[Event "BEL-ch op"]
[Site "Niel"]
[Date "2017.07.06"]
[Round "6"]
[White "Mitran, Ovi"]
[Black "Baete, Guy"]
[Result "0-1"]
[WhiteElo "1505"]
[BlackElo "1828"]
[PlyCount "32"]
[EventDate "2017.07.01"]
[EventType "swiss"]
[EventRounds "9"]
[EventCountry "BEL"]
[SourceTitle "EXT 2018"]
[Source "ChessBase"]
[SourceDate "2017.10.13"]
[SourceVersion "1"]
[SourceVersionDate "2017.10.13"]
[SourceQuality "1"]

1. d4 g6 2. Nf3 Bg7 3. g3 Nf6 4. Bg2 0-0 5. 0-0 c6 6. c4 Qc7 7. Nc3 Re8 8. Qc2 d6 9. e4 Nbd7 10. Re1 e5 11. d5 Nf8 12. b3 Bd7 13. h3 cxd5 14. cxd5 Nxd5 15. exd5 e4 16. Nd2 Qxc3 0-1

[Event "BEL-ch op"]
[Site "Niel"]
[Date "2017.07.03"]
[Round "3"]
[White "Mitran, Ovi"]
[Black "Akulov, Mikhail"]
[Result "0-1"]
[WhiteElo "1505"]
[BlackElo "1571"]
[PlyCount "110"]
[EventDate "2017.07.01"]
[EventType "swiss"]
[EventRounds "9"]
[EventCountry "BEL"]
[SourceTitle "EXT 2018"]
[Source "ChessBase"]
[SourceDate "2017.10.13"]
[SourceVersion "1"]
[SourceVersionDate "2017.10.13"]
[SourceQuality "1"]

1. d4 Nf6 2. Nf3 e6 3. g3 d5 4. Bg2 Be7 5. 0-0 c5 6. c4 b6 7. cxd5 exd5 8. Nc3 Bb7 9. Qc2 Nbd7 10. Bf4 0-0 11. Nb5 a6 12. Nd6 Bc6 13. b4 c4 14. Ne5 Nxe5 15. dxe5 Bxd6 16. exd6 Re8 17. Rfd1 Qd7 18. a4 Qe6 19. b5 axb5 20. axb5 Bb7 21. Be3 Rxa1 22. Rxa1 Qxd6 23. Qb2 Nd7 24. Ra7 Bc8 25. Bh3 Nc5 26. Ra8 Bd7 27. Rxe8+ Bxe8 28. Bd4 f6 29. Qa3 Bxb5 30. Bg2 Bc6 31. Qb2 Na4 32. Qd2 Kf7 33. Qc2 g6 34. h4 b5 35. h5 b4 36. hxg6+ hxg6 37. Qd2 Kg7 38. Qe3 b3 39. Ba1 Qd7 40. Qd4 Qe7 41. Kf1 Qf7 42. Ke1 Qe7 43. g4 b2 44. Bxb2 Qb4+ 45. Bc3 Qxc3+ 46. Qxc3 Nxc3 47. Kd2 Nb5 48. f4 Kf7 49. e3 Ke7 50. Bf3 Kd6 51. Bd1 Kc5 52. Ba4 g5 53. Bxb5 Bxb5 54. Kc3 Bd7 55. f5 Bc6 0-1

[Event "BEL-ch op"]
[Site "Niel"]
[Date "2017.07.02"]
[Round "2"]
[White "De Geest, Jan"]
[Black "Mitran, Ovi"]
[Result "1/2-1/2"]
[WhiteElo "1696"]
[BlackElo "1505"]
[PlyCount "42"]
[EventDate "2017.07.01"]
[EventType "swiss"]
[EventRounds "9"]
[EventCountry "BEL"]
[SourceTitle "EXT 2018"]
[Source "ChessBase"]
[SourceDate "2017.10.13"]
[SourceVersion "1"]
[SourceVersionDate "2017.10.13"]
[SourceQuality "1"]

1. e4 c5 2. d4 cxd4 3. c3 d5 4. Qxd4 Nf6 5. exd5 Qxd5 6. Nf3 Nc6 7. Qxd5 Nxd5 8. Bc4 Nb6 9. Bb3 Bf5 10. Be3 Bd3 11. Nbd2 e6 12. Bxb6 axb6 13. Bc4 Bxc4 14. Nxc4 b5 15. Ne3 Bc5 16. 0-0 Ke7 17. Rfe1 Rhd8 18. b4 Bb6 19. Red1 Bxe3 20. fxe3 Rxd1+ 21. Rxd1 Rxa2 1/2-1/2

[Event "BEL-ch op"]
[Site "Niel"]
[Date "2017.07.01"]
[Round "1"]
[White "Beukema, Constantijn"]
[Black "Mitran, Ovi"]
[Result "1-0"]
[WhiteElo "1695"]
[BlackElo "1505"]
[PlyCount "51"]
[EventDate "2017.07.01"]
[EventType "swiss"]
[EventRounds "9"]
[EventCountry "BEL"]
[SourceTitle "EXT 2018"]
[Source "ChessBase"]
[SourceDate "2017.10.13"]
[SourceVersion "1"]
[SourceVersionDate "2017.10.13"]
[SourceQuality "1"]

1. e4 d5 2. exd5 Nf6 3. d4 b6 4. Nf3 Bb7 5. Bb5+ Nbd7 6. Nc3 Nxd5 7. Nxd5 Bxd5 8. Ne5 c6 9. Bxc6 Bxc6 10. Nxc6 Qc7 11. d5 g6 12. 0-0 Bg7 13. Re1 e6 14. dxe6 Ne5 15. exf7+ Kxf7 16. Nxe5+ Bxe5 17. Qd5+ Kf6 18. Bg5+ Kxg5 19. Rxe5+ Kh6 20. Rae1 Qxc2 21. R5e2 Rad8 22. Qe5 Qf5 23. Qc7 Rd7 24. Qc1+ Qg5 25. Qc3 Rf8 26. Qh3+ 1-0

[Event "Maastricht Limburg op-C 8th"]
[Site "Maastricht"]
[Date "2014.06.08"]
[Round "5"]
[White "Mitran, Ovi"]
[Black "Reichardt, Monica"]
[Result "0-1"]
[WhiteElo "1612"]
[BlackElo "1447"]
[PlyCount "72"]
[EventDate "2014.06.06"]
[EventType "swiss"]
[EventRounds "7"]
[EventCountry "NED"]
[SourceTitle "EXT 2015"]
[Source "ChessBase"]
[SourceDate "2014.11.20"]
[SourceVersion "1"]
[SourceVersionDate "2014.11.20"]
[SourceQuality "1"]

1. c4 f5 2. d4 Nf6 3. Nc3 e6 4. Nf3 Be7 5. Bf4 0-0 6. e3 d6 7. b4 Nbd7 8. Ng5 Nb6 9. c5 Nbd5 10. Qb3 Nxc3 11. Nxe6 Bxe6 12. Qxe6+ Kh8 13. Qxf5 Ncd5 14. g3 Nxb4 15. Rb1 Nfd5 16. Qe4 Rb8 17. Rb3 dxc5 18. dxc5 Nxa2 19. Bd3 Nf6 20. Qc4 Qd5 21. Qxd5 Nxd5 22. Kd2 Bxc5 23. e4 Nxf4 24. gxf4 Rxf4 25. Bb1 Rxf2+ 26. Kd3 Rf3+ 27. Kc4 Rxb3 28. Kxb3 Nb4 29. Kc4 Bd6 30. e5 Be7 31. Rf1 Kg8 32. e6 Rf8 33. Rd1 Nc6 34. Be4 Ne5+ 35. Kb5 c6+ 36. Ka5 Nc4+ 0-1